|
|
|
|
| LEADER |
01071nab#a2200373#ar4500 |
| 001 |
000093321 |
| 003 |
SVKKK |
| 005 |
20081222105949.0 |
| 008 |
081222c1988 xo |||||||||||||||b|cze |
| FMT |
|
|
|
| 015 |
|
|
|a SNBRB2008/12
|
| 038 |
|
|
|a SVKKK
|
| 040 |
|
|
|a SVKKK
|b slo
|e AACR2
|
| 041 |
0 |
|
|a cze
|
| 044 |
|
|
|a xo
|c SK
|
| 080 |
|
|
|a 621.9.025
|2 1997
|
| 080 |
|
|
|a 620.194.23
|2 1997
|
| 080 |
|
|
|a 669.15-15
|2 1997
|
| 100 |
1 |
|
|a Tupý, Jaroslav
|4 aut
|
| 245 |
1 |
0 |
|a Korozní chování oceli 120 40 tepelně zpracované laserem
|c Jaroslav Tupý, Vladimír Nosek, Jiří Horyna
|
| 300 |
|
|
|b Obr., tab.
|
| 504 |
|
|
|a Bibliogr. odkazy
|
| 650 |
0 |
4 |
|a oceľ 120 40
|x tepelné spracovanie
|x korózne charakteristiky
|
| 650 |
0 |
4 |
|a nástrojové ocele
|
| 700 |
1 |
|
|a Nosek, Vladimír
|4 aut
|
| 700 |
1 |
|
|a Horyna, Jiří
|4 aut
|
| 773 |
0 |
|
|t Korózne problémy materiálov pre strojárstvo, energetiku a chémiu
|d Bratislava : Dom techniky ČSVTS, 1988
|g S. 44-46
|
| 958 |
|
|
|a RK
|
| 958 |
|
|
|a NB
|
| 974 |
|
|
|a Ma
|
| 992 |
|
|
|a RZB
|
| BAS |
|
|
|
| 852 |
|
|
|a SVKKK
|b BIB
|
| 998 |
|
|
|a HUT
|